| 000 | 00557nam a22001937a 4500 | ||
|---|---|---|---|
| 005 | 20241215171056.0 | ||
| 008 | 241215b |||||||| |||| 00| 0 eng d | ||
| 020 | _a9780321036636 | ||
| 050 |
_aQP36 _b.K24 |
||
| 100 | _aKapit, Wynn | ||
| 245 |
_aThe Physiology Coloring Book/ _cWynn Kapit, Robert I. Macey & Esmail Meisami |
||
| 250 | _a2nd ed. | ||
| 260 |
_aSan Francisco _bBenjamin Cummings _c2000 |
||
| 300 |
_a161p. _bill. _c28cm |
||
| 500 | _aincludes index | ||
| 700 | _aMacey, Robert I. | ||
| 700 | _aMeisami, Esmail | ||
| 942 |
_2lcc _cBK _e2nd ed. _n0 |
||
| 999 |
_c2303 _d2303 |
||